| 000 | 01061cam a2200313 i 4500 | ||
|---|---|---|---|
| 999 |
_c200002722 _d28821 |
||
| 001 | 200002722 | ||
| 003 | TR-AnTOB | ||
| 005 | 20210923083913.0 | ||
| 007 | ta | ||
| 008 | 110105s2006 tu 0 tur01 d | ||
| 020 | _a9756759038 | ||
| 040 |
_aANKA _beng _erda _cANKA _dTR-AnTOB |
||
| 041 | 0 | _atur | |
| 050 |
_aHG1642.T9 _bA43 2006 |
||
| 090 |
_aHG1642 .T9 _bA43 2006 |
||
| 100 | 1 |
_aAkgüç, Öztin, _d1934- _eauthor _975749 |
|
| 245 | 1 | 0 |
_aKredi taleplerinin değerlendirilmesi / _cÖztin Akgüç. |
| 250 | _aGözden geçirilmiş ve genişletirilmiş 7. baskı | ||
| 264 | 1 |
_aİstanbul: _bArayış Basım ve Yayıncılık, _c2006. |
|
| 300 |
_aviii, 455 pages ; _c23 cm |
||
| 336 |
_atext _btxt _2rdacontent |
||
| 337 |
_aunmediated _bn _2rdamedia |
||
| 338 |
_avolume _bnc _2rdacarrier |
||
| 490 | 0 |
_aArayış Basım ve Yayıncılık ; _aBankacılık dizisi ; _v1 |
|
| 504 | _aIncludes bibliographical references (pages : [443]- 446) and index. | ||
| 650 | 7 |
_aKredi _xYönetim _2etuturkob _985881 |
|
| 942 |
_cBK _2lcc |
||